• 首页
  • 本馆介绍
  • 公告通知
  • 最新文献
  • 馆藏检索
  • 电子资源
  • 读者导购
  • 参考咨询
  • 我的图书馆
  • 登录
  • 详细信息显示
  • 放入我的书架
  • 预约/预借图书
  • 作者相关作品
  • 分类相关作品
  • 丛书相关作品
  • 出版社相关作品

书目信息

  • 表格格式
  • 工作单格式
  • 卡片格式
题名:
小人物
    
 
作者: 乔布斯 著 ;吴果锦 译
分册:  
出版信息: 北京   北京联合出版公司  2019.06
页数: 356页
开本: 24cm
丛书名:
单 册:
中图分类: K837.125.6=6 , K837.125.6
科图分类:
主题词: 作家--zuo jia--自传--美国--现代
电子资源:
ISBN: 978-7-5596-3141-1
000 01278nam0 2200289 450
001 1958620458
005 20190625142033
010    @a978-7-5596-3141-1@dCNY 68.00
100    @a20190625d2019 em y0chiy50 ea
101 1  @achi@ceng
102    @aCN@b110000
105    @ay z 000ya
200 1  @a小人物@Axiao ren wu@d= Small fry@e我和父亲乔布斯@f(美) 丽莎·布伦南·乔布斯著@g吴果锦译@zeng
210    @a北京@c北京联合出版公司@d2019.06
215    @a356页@d24cm
314    @a丽莎·布伦南·乔布斯, 作家。吴果锦, 英语文学翻译。
330    @a她叫丽莎·布伦南·乔布斯。她是乔布斯四个孩子里一度不被承认的那一个“大女儿”。她曾是乔布斯始终回避的生命里的“污点”。乔布斯被自己的亲生父母遗弃, 而她被乔布斯遗弃。苹果公司历史上所有产品里, 只有一款产品用人名命名, 用的就是她的名字。她长时间活在乔布斯的阴影之下, 但她揭示了乔布斯的“暗面”的真相, 并最终活出了自我。
500 10 @aSmall fry@mChinese
517 1  @a我和父亲乔布斯@Awo he fu qin qiao bu si
600  1 @a乔布斯@Aqiao bu si@g(Brennan-Jobs, Lisa)@x自传
606 0  @a作家@Azuo jia@x自传@y美国@z现代
690    @aK837.125.6=6@v5
690    @aK837.125.6@v4
701  1 @a乔布斯@Aqiao bu si@g(Brennan-Jobs, Lisa)@4著
702  0 @a吴果锦@Awu guo jin@4译
801  0 @aCN@b人天书店@c20190625
905    @aBZT@dK837.125.6@e17
    
    小人物= Small fry:我和父亲乔布斯/(美) 丽莎·布伦南·乔布斯著/吴果锦译.-北京:北京联合出版公司,2019.06
    356页;24cm
    
    
    ISBN 978-7-5596-3141-1:CNY 68.00
    她叫丽莎·布伦南·乔布斯。她是乔布斯四个孩子里一度不被承认的那一个“大女儿”。她曾是乔布斯始终回避的生命里的“污点”。乔布斯被自己的亲生父母遗弃, 而她被乔布斯遗弃。苹果公司历史上所有产品里, 只有一款产品用人名命名, 用的就是她的名字。她长时间活在乔布斯的阴影之下, 但她揭示了乔布斯的“暗面”的真相, 并最终活出了自我。
●
相关链接 在五车中查询图书 在当当中查询图书 在豆瓣中查询图书


正题名:小人物     索取号:K837.125.6/17         预约/预借

序号 登录号 条形码 馆藏地/架位号 状态 备注
1 863964   2000863964   第二书库/ [索取号:K837.125.6/17] 在馆    
2 863965   2000863965   第二书库/ [索取号:K837.125.6/17] 在馆    
3 863966   2000863966   第二书库/ [索取号:K837.125.6/17] 在馆    
山东省滨州职业学院图书馆 欢迎您!
大连网信软件有限公司© 版权所有